• 首页
  • 本馆介绍
  • 公告通知
  • 最新文献
  • 馆藏检索
  • 电子资源
  • 读者荐购
  • 参考咨询
  • CALIS
  • 我的图书馆
  • 登录
  • 详细信息显示
  • 放入我的书架
  • 预约/预借图书
  • 作者相关作品
  • 分类相关作品
  • 丛书相关作品
  • 出版社相关作品

书目信息

  • 表格格式
  • 工作单格式
  • 卡片格式
题名:
FreeBSD完全攻略QA版
    
 
作者: 冯宝坤 , 陈子鸿 编著
分册:  
出版信息: 北京   中国物资出版社  2004.09
页数: 422页
开本: 26cm
丛书名:
单 册:
中图分类: TP316.81
科图分类:
主题词: 网络服务器--wang luo fu wu qi--操作系统--基本知识
电子资源:
ISBN: 7-5047-2160-3
 
 
 
 
 
000 01028nam0 2200253 450
001 012007025847
005 20070924165230.04
010    @a7-5047-2160-3@dCNY40.00
100    @a20070816d2004 km y0chiy0120 ea
101 0  @achi
102    @aCN@b110000
105    @aa z 000yy
200 1  @aFreeBSD完全攻略QA版@AFreeBSD wan quan gong lue QA ban@d= FreeBSD,the power to serve@f冯宝坤, 陈子鸿编著@Ffeng bao kun,chen zi hong bian zhu@zeng
210    @a北京@c中国物资出版社@d2004.09
215    @a422页@c图@d26cm
330    @a本书是一部有关操作系统的书籍。书中以问答的形式,从FreeBSD的历史、基本命令、VI编辑器、硬盘分区、系统安装、基本操作、网络配置与应用等内容,全面介绍了FreeBSD应用的诸多细节。
333    @a操作系统学习者、高等院校相关专业师生及普通读者
510 1  @aFreeBSD:the power to serve@zeng
606 0  @a网络服务器@Awang luo fu wu qi@x操作系统@x基本知识
690    @aTP316.81@v4
701  0 @a冯宝坤@Afeng bao kun@4编著
701  0 @a陈子鸿@Achen zi hong@4编著
801  0 @aCN@c20070924
905    @dTP316.81@eF433
    
    FreeBSD完全攻略QA版= FreeBSD,the power to serve/冯宝坤, 陈子鸿编著.-北京:中国物资出版社,2004.09
    422页:图;26cm
    使用对象:操作系统学习者、高等院校相关专业师生及普通读者
    
    ISBN 7-5047-2160-3:CNY40.00
    本书是一部有关操作系统的书籍。书中以问答的形式,从FreeBSD的历史、基本命令、VI编辑器、硬盘分区、系统安装、基本操作、网络配置与应用等内容,全面介绍了FreeBSD应用的诸多细节。
●
相关链接 在E读中查询图书 在当当中查询图书 在豆瓣中查询图书


正题名:FreeBSD完全攻略QA版     索取号:TP316.81/F433         预约/预借

序号 登录号 条形码 馆藏地/架位号 状态 备注
1 259423   202594237   自科库301/301自科库 58排1列3层/ [索取号:TP316.81/F433] 在馆    
2 259424   202594246   自科二线404/404自科库 12排6列5层/ [索取号:TP316.81/F433] 在馆    
3 259425   202594255   期刊室512/301自科库 82排2列5层/ [索取号:TP316.81/F433] 在馆    
河南城建学院图书馆 欢迎您!
大连网信软件有限公司© 版权所有